| 000 | 00526nam a2200145Ia 4500 | ||
|---|---|---|---|
| 008 | 100204s9999 xx 000 0 und d | ||
| 082 | _b12316 | ||
| 100 | _aनिहार संजय / घाणेकर चंद्र्रकांत | ||
| 245 | _aपंजाबचे अंतरंग | ||
| 260 |
_bनीहारा प्रकाशन पुणे _c1989 |
||
| 300 | _a133 | ||
| 630 | _aपंजाबचे अंतरंग | ||
| 730 | _aपंजाबचे अंतरंग | ||
| 942 | _cBOOK | ||
| 999 |
_c456749 _d456746 |
||